000 00276 a2200109 4500
999 _c243436
_d243436
001 8363
003 NUST
005 20180118191509.0
008 180118b xxu||||| |||| 00| 0 eng d
082 _a808.8 MAS
100 _aMason, J E
_98988
245 _aReading from the scientists (Transfered to SOA)
_hEnglish
260 _bMacmillan
_a1956
942 _aNUST-CAE
_cBK
_cBK
_k808.8 MAS
_2ddc